La demanda i el consum de serveis domiciliaris a la província de Barcelona
ISBN:
84-7794-920-4
Publicado:
[Barcelona] :
Diputació de Barcelona, Xarxa de Municipis, Àrea de Promoció Econòmica i Ocupació, cop. 2003
Descripción Física:
188 p. : il., gràf. ; 30 cm
Colección:
Quaderns de promoció econòmica local ; 4
MARC
| LEADER | 00000nam a2200000Ia 4500 | ||
|---|---|---|---|
| 001 | 15317 | ||
| 008 | 160829s9999 xx 000 0 cat d | ||
| 020 | |a 84-7794-920-4 | ||
| 080 | |a S-1-185 | ||
| 245 | |a La demanda i el consum de serveis domiciliaris a la província de Barcelona | ||
| 260 | |a [Barcelona] : |b Diputació de Barcelona, Xarxa de Municipis, Àrea de Promoció Econòmica i Ocupació, cop. 2003 | ||
| 300 | |a 188 p. : |b il., gràf. ; |c 30 cm | ||
| 490 | |a Quaderns de promoció econòmica local ; 4 | ||
| 650 | |a Atenció domiciliària |x Barcelona (Província) |x Estadístiques |9 21917 | ||
| 710 | 1 | |a Barcelona (Catalunya : Província). |b Àrea de Promoció Econòmica i Ocupació |9 17540 | |
| 901 | |a Arxiu | ||
| 942 | |n 1 | ||
| 952 | |0 0 |1 0 |4 0 |6 S1185 |7 1 |9 41934 |a Arxiu |b Arxiu |d 2016-12-01 |l 0 |o S-1-185 |p 15317 |r 2016-12-01 00:00:00 |w 2016-12-01 |y ARXIU | ||
| 999 | |c 44381 |d 44381 | ||